| 000 | 00564nam a2200169 a 4500 | ||
|---|---|---|---|
| 001 | 000032933 | ||
| 005 | 20200930065925.0 | ||
| 008 | 110802s1972 dr 000 0 spa d | ||
| 040 |
_aDO-SdBNP _bspa _cBNPHU |
||
| 041 | 1 | 7 | _aeng |
| 100 | 1 |
_aGutiérrez, Carlos María, _d1926- _95133 |
|
| 245 | 1 | 0 |
_aThe Dominican Republic : _brebellion and repression / _cCarlos María Gutiérrez : Translated by Richard E. Edwards. |
| 260 |
_aNew York : _bMonthly Review Press, _c1972. |
||
| 300 |
_a172 p. ; _c23 cm. |
||
| 700 | 1 |
_a. Edwards, Richard E. _etr. _958684 |
|
| 049 | _aBNPD | ||
| 999 |
_c32424 _d32424 |
||